000 04032nab a2200289 i 4500
003 BR-BrBNA
005 20241203083040.0
008 241203b2010 bl.qr|pooa||| 00| 0 por |
040 _aBR-BrBNA
_bpor
072 _aK10
072 _aF70
100 _aDan, Maurício Lima
100 _aBraga, João Marcelo Alvarenga
100 _aNascimento, Marcelo Trindade
245 _aEstrutura da comunidade arbórea de fragmentos de floresta estacional semidecidual na bacia hidrográfica do rio São Domingos, Rio de Janeiro, Brasil
500 _aPublicação on-line; Bibliography p. 764-766 (50 ref.); 5 tables; 5 illus.; Summaries (En, Pt)
520 _a Resumo Pouco se conhece sobre a estrutura e composição florística das florestas do noroeste fluminense, intensamente fragmentadas. Assim, o presente estudo objetivou contribuir para o conhecimento da flora arbórea desta região respondendo as seguintes questões: Qual a composição florística dos fragmentos e que espécies os caracterizam? A comunidade arbórea dos fragmentos da Bacia Hidrográfica do Rio São Domingos (BHRSD) possui elevada riqueza e diversidade florística? Em que estádio sucessional se encontram os fragmentos florestais da BHRSD? Foram selecionados quatro fragmentos florestais. Em cada um dos fragmentos foram instaladas cinco parcelas de 20 m × 20 m. Todos os indivíduos vivos e mortos com DAP ≥ 5 cm foram amostrados. Um total de 198 táxons pertencentes a 52 famílias botânicas foi amostrado. As espécies mais abundantes foram Apuleia leiocarpa, Gallesia integrifolia, Dalbergia nigra e Guarea guidonia. Os valores de riqueza e de diversidade (H’) de espécies nas cinco diferentes áreas amostrais (0,2 ha) variaram de 33 a 89 e 2,81 a 3,87. Os fragmentos, apesar de secundários e em estádio intermediário de sucessão, apresentaram elevada diversidade, riqueza e uma composição peculiar de espécies arbóreas, que parece receber influências florísticas de formações florestais ombrófilas e semidecíduas do sudeste brasileiro. Sugere-se que estas referidas características estejam relacionadas à posição geográfica da região. Palavras-chave: composição florística, diversidade arbórea, fragmentação florestal, noroeste fluminense.
520 _a Abstract Little is known about the structure and floristic composition of the highly fragmented northwestern Rio de Janeiro forests. Thus, this study aimed to address the following questions: What is the floristic composition and which species characterize it? Does the tree community show high species richness and diversity? What are the successional stages? Four fragments were selected. Five 20 m × 20 m plots were allocated in each fragment and all dead and alive trees ≥ 5 cm DBH were sampled. A total of 198 taxa belonging to 52 families was sampled. The most important species were Apuleia leiocarpa, Gallesia integrifolia, Dalbergia nigra and Guarea guidonia. The values of richness and species diversity (H’) in five different sample areas (0.2 ha) ranged from 33 to 89 and from 2.81 to 3.87, respectively. The forest fragments, although secondary and in a mid-successional stage, had a particular species composition, high diversity and richness, and seem to have floristic influence from both semideciduous and evergreen forests of southeastern Brazil. These characteristics are probably related to the geographic position of the region. Key words: floristic composition, tree diversity, forest fragments, northwestern Rio de Janeiro state.
650 _aCOMPOSIÇÃO BOTÂNICA
650 _aBIODIVERSIDADE
650 _aFLORESTA
650 _aNOROESTE FLUMINENSE
773 0 _0709
_9346876
_dRio de Janeiro-RJ Jardim Botanico do Rio de Janeiro 1935
_o2024-7673
_tRodriguésia (Brazil)
_x0370-6583; 2175-7860 on-line
_gv. 61(4) p. 749-766; (2010)
856 _uhttps://www.scielo.br/j/rod/a/jTZC9Xxs9BqDkrCnhggrH7K/?format=pdf&lang=pt
942 _cANA
999 _c328966
_d328966